Fr. Conceicao Rodrigues College of Engineering

Java J2EE Interview questions (Record no. 19542)

MARC details
000 -LEADER
fixed length control field 00289nam a2200145Ia 4500
082 ## - DEWEY DECIMAL CLASSIFICATION NUMBER
Classification number 5.133
Item number KOI
100 ## - MAIN ENTRY--PERSONAL NAME
Personal name Koirala
245 ## - TITLE STATEMENT
Title Java J2EE Interview questions
260 ## - PUBLICATION, DISTRIBUTION, ETC.
Name of publisher, distributor, etc. BPB
366 ## - TRADE AVAILABILITY INFORMATION
Publishers's discount category 25
546 ## - LANGUAGE NOTE
Language note ENGLISH
-- PAMPHALETS
650 ## - SUBJECT ADDED ENTRY--TOPICAL TERM
Topical term or geographic name entry element J2EE
654 ## - SUBJECT ADDED ENTRY--FACETED TOPICAL TERMS
Focus term J2EE
942 ## - ADDED ENTRY ELEMENTS (KOHA)
Koha item type BOOK
Holdings
Withdrawn status Lost status Damaged status Not for loan Collection Home library Current library Date acquired Source of acquisition Cost, normal purchase price Inventory number Total Checkouts Full call number Barcode Date last seen Cost, replacement price Price effective from Koha item type
        CRC Fr. Agnel's C.Rodrigues College of Engineering Fr. Agnel's C.Rodrigues College of Engineering 17/03/2023 Dharma Enterprises 168.75 524 dt 29/04/2010   5.133 KOI 20522 17/03/2023 225.00   BOOK